| 000 | 00000nam 2200000za 4500 |
| 001 | 9.840927 |
| 003 | CaOODSP |
| 005 | 20221107151950 |
| 007 | cr ||||||||||| |
| 008 | 170802s1990 onc #o f000 0 eng d |
| 040 | |aCaOODSP|beng |
| 043 | |an-cn--- |
| 086 | 1 |aCS12-0043/3E-PDF |
| 100 | 1 |aBurch, Thomas K. |
| 245 | 10|aFamily and friends |h[electronic resource] : |btoward the year 2000 : an introduction to the 1990 General Social Survey /|cby Thomas J. Burch and David J. DeWit. |
| 246 | 14|a1990 GSS : |bfamily and friends |
| 260 | |a[Ottawa] : |bStatistics Canada, |c1990. |
| 300 | |a[62] p. |
| 490 | 1 |aWorking paper ; |vno. 3 |
| 500 | |aIssued also in French under title: La famille et les amis vers l'an 2000 : introduction à l'Enquête sociale générale de 1990. |
| 500 | |aOn cover: 1990 GSS: family and friends. |
| 500 | |a"Revised, March 1990." |
| 500 | |aDigitized edition from print [produced by Statistics Canada]. |
| 504 | |aIncludes bibliographic references. |
| 520 | |a"Recent statistics on family change are reported, along with summaries of selected items of recent research on the Canadian family"--Introduction. |
| 692 | 07|2gccst|aSurveys |
| 692 | 07|2gccst|aDemography |
| 692 | 07|2gccst|aFamily |
| 700 | 1 |aDeWit, David J.,|d1960- |
| 710 | 2 |aStatistics Canada. |
| 775 | 08|tLa famille et les amis vers l'an 2000 |w(CaOODSP)9.840929 |
| 830 | #0|aWorking paper (General Social Survey (Canada))|vno. 3|w(CaOODSP)9.835228 |
| 856 | 40|qPDF|s5.05 MB|uhttps://publications.gc.ca/collections/collection_2017/statcan/12-0043/CS12-0043-3-eng.pdf |
| 986 | |a12F0043E no. 3 |